01702nam a2200397 a 4500001001000000003000500010005001700015008004100032010001100073011001100084040000900095090001000104100003900114245018500153260004100338500006000379502007500439590004100514590004100555590004100596590004100637590004000678590004000718590004000758650002400798650003200822650003100854650003100885856007000916901000700986942001000993942000601003999001901009952014001028952013601168000111827CHAP20220329144231.0150921s2015 mx a fsm |||||||spa d a108288 a109260 cCHAP aTesis1 aPérez Paz, Minerva Hayde912979210aVariabilidad genética de componentes de rendimiento forrajero en poblaciones nativas de Maíz (Zea mays L.) en Chapingo, México /h[En línea]cpor Minerva Hayde Pérez Paz. aChapingo, Méx. :bEl autor,c2015. aPara ver el contenido del material haga clic en la liga aTesis (Ing. Agr. Esp. en Zootecnia) -- UACH. Departamento de Zootecnia aE11695DGDb10c20150923lUCH01h0938 aE11695DGDb10c20150923lUCH01h0955 aE11695DGDb10c20150923lUCH01h0957 aE11695DGDb10c20150925lUCH01h0856 aE5995AHEb05c20150921lUCH01h1435 aE5995AHEb05c20150921lUCH01h1435 aE5995AHEb05c20150923lUCH01h144614aGermoplasma.94776614aMaíz como forraje.97110914aMaízxGenética.97096314aMaízxVariedades.971081 aFinding aiduhttp://10.13.5.2/tesis/sist111827.pdfzTeclea aquí aBK cTESIS n0 c108288d108288 00102local4053708TESISaBCbBCcPA_TESISd2015-09-21fTESISl0oTesisp33724002506488r2019-12-31 00:00:00tc.2w2019-12-31yTESIS 00104054718TESISaBCbBCd2015-09-21fTESISl0oTesisp33724002506520r2019-12-31 00:00:00w2019-12-31yTESISzRecien adquirido